Most Watched Movie Trilogies - Statistics

General Stats
  • This quiz has been taken 47 times
    36 since last reset
  • The average score is 27 of 62
Answer Stats
Hint Answer % Correct
Most popular superhero team Avengers
88%
Sigourney Weaver goes to space Alien
79%
Crazy old scientist gets a sweet car and a kid with family issues Back to the Future
75%
Kid protects home from 2 burglars Home Alone
75%
Wizards and witches in a weird castle/school Harry Potter
71%
Cocky racecar goes through crazy character development Cars
67%
The Italian Stallion Rocky
67%
Robots and time travel. Arnold Schwarzenegger Terminator
67%
Panda turned warrior Kung Fu Panda
63%
The worst pirate you've ever seen. His ship is legend and its a weird color Pirates of the Caribbean
63%
Most popular teenage superhero EVER Spiderman
63%
It's all about cars and family Fast & Furious
58%
This guy finds lost treasure, and fights Nazis on the side Indiana Jones
58%
Genius, billionaire, playboy, philanthropist Iron Man
58%
Animals escape a zoo Madagascar
58%
Aliens exist..... and poof you dont remember it anymore Men In Black
58%
Night guard finds out displays can come to life in the building Night at the Museum
58%
Archer girl fights to the death Hunger Games
54%
Ancient creatures brought back to life in a zoo Jurassic Park
54%
Monkey takeover Planet of the Apes
54%
The world is an illusion. Dude dodges bullets The Matrix
54%
These kids toys know to much Toy Story
54%
Boxer's son follows in his footsteps Creed
50%
Divorced cop vs terrorists in a really nice hotel Die Hard
50%
Bunch of friends do stupid stuff. Bradley Cooper. When you drink you get _______. The Hangover
50%
Man with claws... not the scary one Wolverine
50%
Really tall aliens Avatar
46%
Special jewelry gets thrown in a volcano Lord of the Rings
46%
Tom Cruz staple (theres like a million of them) Mission Impossible
46%
Alien hunts humans Predator
46%
Two teens go crazy and go on a killing spree. They love knives and weird halloween costumes. Scream
46%
Other word for sword, main character is half human and kills vampires Blade
42%
Man gets cancer and becomes unkillable Deadpool
42%
Man kills mafia after dog gets killed John Wick
42%
You'll die in your dreams Nightmare on Elm Street
42%
Before the magic jewelry, a guy met a talking dragon with a whole lot of gold. The Hobbit
42%
Autistic kid falls in lake and becomes a serial killer Friday the 13th
38%
Man in coveralls stalks and kills people Halloween
38%
Group of animals attempts to survive extinction events Ice Age
38%
Wasteland world with really cool cars Mad Max
38%
Funny cop movie. Jackie Chan Rush Hour
38%
Not the real father, the ____father The Godfather
38%
One day a year for 24 hours, you can do anything The Purge
38%
Claw man's super team... everyone hates them though X-Men
38%
A bunch of alien misfits = super team? They're all aliens, except one Guardians of the Galaxy
33%
Vikings don't get dogs or cats for pets, they get _________. How To Train Your Dragon
33%
Ugly green monster falls for human girl Shrek
29%
Alien robots fight with humans against other alien robots Transformers
29%
Cop travels to LA on multiple occasions for personal and other investigations Beverly Hills Cop
25%
Soldier is "God's Righteous man. Pretending [he] could live without a war." Captain America
25%
Criminal with weird henchman steals big rock Despicable Me
25%
Talking lion, weird closet. Secret medieval magic world The Chronicles of Narnia
25%
A group of kids lose their memory and get trapped in a life size puzzle Maze Runner
21%
Former CIA assassin goes rouge after getting amnesia The Bourne
21%
Brad Pitt's favorite movie Ocean's
17%
Vietnam veteran goes insane Rambo
17%
The Chosen One's fall to evil Star Wars Prequels
8%
The Chosen One's redemption arc by his son Star Wars Original Trilogy
4%
I'm Batman The Dark Knight Trilogy
4%
The weapon usually has clothes The Naked Gun
4%
Super secret government/military squad tasked with special end-of-world level threats G.I Joe
0%
Weird henchman who are thousands of years old Minions
0%
No matching quizzes found
Score Distribution
Percent of People with Each Score
Percentile by Number Answered
Your Score History
You have not taken this quiz since the last reset